Fundamentals of securities regulation / (Record no. 11785)
[ view plain ]
| 000 -LEADER | |
|---|---|
| fixed length control field | 01382cam a22003252 4500 |
| 001 - CONTROL NUMBER | |
| control field | 0000025538 |
| 005 - DATE AND TIME OF LATEST TRANSACTION | |
| control field | 20151217154555.0 |
| 008 - FIXED-LENGTH DATA ELEMENTS--GENERAL INFORMATION | |
| fixed length control field | 151022s xx 000 0 eng d |
| 020 ## - INTERNATIONAL STANDARD BOOK NUMBER | |
| International Standard Book Number | 1454801993: |
| 040 ## - CATALOGING SOURCE | |
| Original cataloging agency | KABU |
| Transcribing agency | KABU |
| 100 1# - MAIN ENTRY--PERSONAL NAME | |
| Personal name | Loss, Louis. |
| -- | 0000186224 |
| 245 10 - TITLE STATEMENT | |
| Title | Fundamentals of securities regulation / |
| Statement of responsibility, etc. | Louis Loss. |
| 250 ## - EDITION STATEMENT | |
| Edition statement | 6th ed. |
| 260 ## - PUBLICATION, DISTRIBUTION, ETC. (IMPRINT) | |
| Place of publication, distribution, etc. | New York : |
| Name of publisher, distributor, etc. | Wolters Kluwer, |
| Date of publication, distribution, etc. | 2011. |
| 300 ## - PHYSICAL DESCRIPTION | |
| Extent | xxxviii, 1085 p. |
| 650 #0 - SUBJECT ADDED ENTRY--TOPICAL TERM | |
| Topical term or geographic name as entry element | Securities |
| Geographic subdivision | United States. |
| -- | 0000152649 |
| 650 #0 - SUBJECT ADDED ENTRY--TOPICAL TERM | |
| Topical term or geographic name as entry element | Corporations |
| General subdivision | Finance |
| -- | Law and legislation. |
| -- | 0000186225 |
| 852 1# - LOCATION | |
| -- | p75500 KES |
| 852 1# - LOCATION | |
| -- | p75500 KES |
| 852 1# - LOCATION | |
| -- | p75500 KES |
| 852 1# - LOCATION | |
| -- | p75500 KES |
| 852 1# - LOCATION | |
| -- | p75500 KES |
| 852 1# - LOCATION | |
| -- | p75500 KES |
| 852 1# - LOCATION | |
| -- | p75500 KES |
| 852 1# - LOCATION | |
| -- | p75500 KES |
| 852 1# - LOCATION | |
| -- | p75500 KES |
| 852 1# - LOCATION | |
| -- | p75500 KES |
| 908 ## - PUT COMMAND PARAMETER (RLIN) | |
| Put command parameter | 151022 |
| 950 ## - LOCAL HOLDINGS (RLIN) | |
| -- | 1 |
| Withdrawn status | Lost status | Source of classification or shelving scheme | Not for loan | Home library | Current library | Date acquired | Total Checkouts | Full call number | Barcode | Date last seen | Price effective from | Koha item type | Date last checked out |
|---|---|---|---|---|---|---|---|---|---|---|---|---|---|
| Library of Congress Classification | Kabarak, Main Campus | Kabarak, Main Campus | 17/12/2015 | KF1439 .L67 2011 v. 1 c. 2 | 021564 | 17/12/2015 | 17/12/2015 | General Collection | |||||
| Library of Congress Classification | Kabarak, Main Campus | Kabarak, Main Campus | 17/12/2015 | KF1439 .L67 2011 v. 1 c. 1 | 021565 | 17/12/2015 | 17/12/2015 | General Collection | |||||
| Library of Congress Classification | Kabarak, Main Campus | Kabarak, Main Campus | 17/12/2015 | KF1439 .L67 2011 v. 2 c. 1 | 021568 | 17/12/2015 | 17/12/2015 | General Collection | |||||
| Library of Congress Classification | Kabarak, Main Campus | Kabarak, Main Campus | 17/12/2015 | KF1439 .L67 2011 v. 1 c. 3 | 021566 | 17/12/2015 | 17/12/2015 | General Collection | |||||
| Library of Congress Classification | Kabarak, Main Campus | Kabarak, Main Campus | 17/12/2015 | KF1439 .L67 2011 v. 1 c. 4 | 021562 | 17/12/2015 | 17/12/2015 | General Collection | |||||
| Library of Congress Classification | Kabarak, Main Campus | Kabarak, Main Campus | 17/12/2015 | KF1439 .L67 2011 v. 1 c. 5 | 021563 | 17/12/2015 | 17/12/2015 | General Collection | |||||
| Library of Congress Classification | Kabarak, Main Campus | Kabarak, Main Campus | 17/12/2015 | KF1439 .L67 2011 v. 2 c. 2 | 021567 | 17/12/2015 | 17/12/2015 | General Collection | |||||
| Library of Congress Classification | Kabarak, Main Campus | Kabarak, Main Campus | 17/12/2015 | KF1439 .L67 2011 v. 2 c. 3 | 021571 | 17/12/2015 | 17/12/2015 | General Collection | |||||
| Library of Congress Classification | Kabarak, Main Campus | Kabarak, Main Campus | 17/12/2015 | KF1439 .L67 2011 v. 2 c. 4 | 021569 | 17/12/2015 | 17/12/2015 | General Collection | |||||
| Library of Congress Classification | Kabarak, Main Campus | Kabarak, Main Campus | 17/12/2015 | 1 | KF1439 .L67 2011 v. 2 c. 5 | 021570 | 08/12/2018 | 17/12/2015 | General Collection | 06/12/2018 |